000 00856nam a2200277Ia 4500
003 OSt
005 20250227121118.0
008 210716s2006 xx 000 0 und d
020 _a0120887975
040 _cAIMIT LIBRARY
041 _aeng
082 _a005.7402
_21
_bCELJ
100 _aCelko, Joe.
_9202790
245 _aJoe celko's sql programming style /
_cBy Celko,Joe.
250 _a1st ed.
260 _aNew Delhi :
_bReed Elsevier India Pvt Ltd ,
_c2006.
300 _axviii,216 p.;
_bPB
_c25.2 cm.
650 _aFonts punctuation and spacing
_9202791
650 _aData Declaration language
_9202792
650 _aScales and measurements
_9202793
650 _aData Encoding schemes
_9202794
650 _aCoding choices
_9202795
650 _aHow to use views
_9202796
650 _aHeuristics
_9202797
942 _2ddc
_cBK
_k005.7402 CELJ
999 _c189062
_d189062